<?xml version="1.0" encoding="UTF-8"?>
<record
    xmlns:xsi="http://www.w3.org/2001/XMLSchema-instance"
    xsi:schemaLocation="http://www.loc.gov/MARC21/slim http://www.loc.gov/standards/marcxml/schema/MARC21slim.xsd"
    xmlns="http://www.loc.gov/MARC21/slim">

  <leader>01397namaa22003131i 4500</leader>
  <controlfield tag="005">20260406132910.0</controlfield>
  <controlfield tag="008">260221s1994    ua a|||fr|m|| 000 0 eng d</controlfield>
  <datafield tag="040" ind1=" " ind2=" ">
    <subfield code="a">EG-GICUC</subfield>
    <subfield code="b">eng</subfield>
    <subfield code="c">EG-GICUC</subfield>
    <subfield code="d">EG-GICUC</subfield>
    <subfield code="e">rda</subfield>
  </datafield>
  <datafield tag="041" ind1="0" ind2=" ">
    <subfield code="a">eng</subfield>
    <subfield code="b">eng</subfield>
    <subfield code="b">ara</subfield>
  </datafield>
  <datafield tag="049" ind1=" " ind2=" ">
    <subfield code="a">Deposit</subfield>
  </datafield>
  <datafield tag="097" ind1=" " ind2=" ">
    <subfield code="a">M.Sc</subfield>
  </datafield>
  <datafield tag="099" ind1=" " ind2=" ">
    <subfield code="a">Cai01.13.10.M.Sc.1994.Kh.N</subfield>
  </datafield>
  <datafield tag="100" ind1="0" ind2=" ">
    <subfield code="a">Khaled Mohamed Fassieh ,</subfield>
    <subfield code="e">preparation.</subfield>
  </datafield>
  <datafield tag="245" ind1="1" ind2="0">
    <subfield code="a">A Numerical model for two-dimensional current - depth refraction of surface gravity waves / </subfield>
    <subfield code="c">By Khaled Mohamed Fassieh ; Supervised Prof.Dr. Mohamed S . Tosson, Dr. Mamdouh A. Fahmy </subfield>
  </datafield>
  <datafield tag="246" ind1="1" ind2="5">
    <subfield code="a">&#x646;&#x645;&#x648;&#x630;&#x62C; &#x639;&#x646;&#x62F;&#x649; &#x644;&#x627;&#x646;&#x643;&#x633;&#x627;&#x631; &#x627;&#x644;&#x645;&#x648;&#x62C;&#x627;&#x62A; &#x627;&#x644;&#x645;&#x627;&#x626;&#x64A;&#x629; &#x628;&#x633;&#x628;&#x628; &#x627;&#x644;&#x62A;&#x64A;&#x627;&#x631;&#x627;&#x62A; &#x648;&#x62A;&#x63A;&#x64A;&#x631;&#x627;&#x62A; &#x637;&#x628;&#x648; &#x63A;&#x631;&#x627;&#x642;&#x64A;&#x629; &#x627;&#x644;&#x642;&#x627;&#x639;</subfield>
  </datafield>
  <datafield tag="264" ind1=" " ind2="0">
    <subfield code="c">1994.</subfield>
  </datafield>
  <datafield tag="300" ind1=" " ind2=" ">
    <subfield code="a">155 Pages :</subfield>
    <subfield code="b">illustrations ; </subfield>
    <subfield code="c">25cm. + </subfield>
  </datafield>
  <datafield tag="336" ind1=" " ind2=" ">
    <subfield code="2">rda content</subfield>
    <subfield code="a">text</subfield>
  </datafield>
  <datafield tag="337" ind1=" " ind2=" ">
    <subfield code="2">rdamedia</subfield>
    <subfield code="a">Unmediated</subfield>
  </datafield>
  <datafield tag="338" ind1=" " ind2=" ">
    <subfield code="2">rdacarrier</subfield>
    <subfield code="a">volume</subfield>
  </datafield>
  <datafield tag="502" ind1=" " ind2=" ">
    <subfield code="a">Thesis (M.Sc.) -Cairo University,1994</subfield>
  </datafield>
  <datafield tag="504" ind1=" " ind2=" ">
    <subfield code="a">Bibliography: pages 152 : 155</subfield>
  </datafield>
  <datafield tag="653" ind1=" " ind2="0">
    <subfield code="a">depth refraction of surface </subfield>
    <subfield code="a">dimensional current</subfield>
    <subfield code="a">gravity waves</subfield>
  </datafield>
  <datafield tag="700" ind1="0" ind2=" ">
    <subfield code="a">Mohamed S . Tosson</subfield>
    <subfield code="e">thesis advisor.</subfield>
  </datafield>
  <datafield tag="700" ind1="0" ind2=" ">
    <subfield code="a">Mamdouh A. Fahmy</subfield>
    <subfield code="e">thesis advisor.</subfield>
  </datafield>
  <datafield tag="900" ind1=" " ind2=" ">
    <subfield code="D">Department of Mathematics</subfield>
    <subfield code="F">Faculty of Engineering</subfield>
    <subfield code="U">Cairo University</subfield>
    <subfield code="b">1994</subfield>
    <subfield code="c">Mohamed S . Tosson</subfield>
    <subfield code="c">Mamdouh A. Fahmy</subfield>
    <subfield code="d">Mohamed S . Tosson</subfield>
  </datafield>
  <datafield tag="905" ind1=" " ind2=" ">
    <subfield code="a">Nagat</subfield>
    <subfield code="e">Nourhan</subfield>
  </datafield>
  <datafield tag="942" ind1=" " ind2=" ">
    <subfield code="2">ddc</subfield>
    <subfield code="c">TH</subfield>
    <subfield code="e">21</subfield>
    <subfield code="n">0</subfield>
  </datafield>
  <datafield tag="999" ind1=" " ind2=" ">
    <subfield code="c">178618</subfield>
  </datafield>
  <datafield tag="952" ind1=" " ind2=" ">
    <subfield code="2">ddc</subfield>
    <subfield code="9">315077</subfield>
    <subfield code="a">CUCL</subfield>
    <subfield code="b">100</subfield>
    <subfield code="d">2026-02-21</subfield>
    <subfield code="i">24667</subfield>
    <subfield code="o">Cai01.13.10.M.Sc.1994.Kh.N</subfield>
    <subfield code="p">01010110024667000</subfield>
    <subfield code="r">2026-02-21 10:41:00</subfield>
    <subfield code="w">2026-02-21</subfield>
    <subfield code="y">TH</subfield>
  </datafield>
</record>
